| 000 | 00664nam a22002537a 4500 | ||
|---|---|---|---|
| 003 | UA-OsUOA | ||
| 001 | 24925 | ||
| 007 | ta | ||
| 008 | 20040304b un ||||| |||| 00| 0 ukr d | ||
| 100 | _aМатишевський П.С. | ||
| 090 |
_a343.2(477)(075.8) _bМ34 |
||
| 942 | _cBK | ||
| 040 |
_aUA-OsUOA _bukr _cUA-OsUOA _dUA-OsUOA |
||
| 245 |
_aКримінальне право України. Загальна частина _bПідруч. |
||
| 300 | _a352 с. | ||
| 955 | _a0 | ||
| 041 | _aukr | ||
| 080 | _a343.2(477)(075.8) | ||
| 020 | _a966-539-339-1 | ||
| 260 |
_aКиїв _bА.С.К. _c2001 |
||
| 044 | _aUA | ||
| 650 | 7 | _2UDC | |
| 999 |
_c311211 _d311211 |
||